Countries of the World Map Quiz - Statistics

General Stats
  • This quiz has been taken 6 times
  • The average score is 62 of 196
Answers on the Map
Answers color-coded by a green-red scale on the quiz's map according to % correct below.
 
Answer Stats
Answer % Correct
Canada
100%
Denmark
100%
United States
100%
Mexico
67%
Uruguay
67%
Uzbekistan
67%
Afghanistan
33%
Albania
33%
Algeria
33%
Andorra
33%
Angola
33%
Argentina
33%
Armenia
33%
Australia
33%
Austria
33%
Azerbaijan
33%
Bahamas
33%
Bahrain
33%
Bangladesh
33%
Belarus
33%
Belgium
33%
Belize
33%
Benin
33%
Bhutan
33%
Bolivia
33%
Bosnia and Herzegovina
33%
Botswana
33%
Brazil
33%
Brunei
33%
Bulgaria
33%
Burkina Faso
33%
Burundi
33%
Cambodia
33%
Cameroon
33%
Cape Verde
33%
Central African Republic
33%
Chad
33%
Chile
33%
China
33%
Colombia
33%
Comoros
33%
Costa Rica
33%
Cote D'Ivoire
33%
Croatia
33%
Cuba
33%
Cyprus
33%
Czechia
33%
Democratic Republic of the Congo
33%
Djibouti
33%
Dominican Republic
33%
East Timor
33%
Ecuador
33%
Egypt
33%
El Salvador
33%
Equatorial Guinea
33%
Eritrea
33%
Estonia
33%
Eswatini
33%
Ethiopia
33%
Federated States of Micronesia
33%
Fiji
33%
Finland
33%
France
33%
Gabon
33%
Gambia
33%
Georgia
33%
Germany
33%
Ghana
33%
Greece
33%
Guatemala
33%
Guinea
33%
Guinea Bissau
33%
Guyana
33%
Haiti
33%
Honduras
33%
Hungary
33%
Iceland
33%
India
33%
Indonesia
33%
Iran
33%
Ireland
33%
Israel
33%
Italy
33%
Jamaica
33%
Japan
33%
Jordan
33%
Kazakhstan
33%
Kenya
33%
Kiribati
33%
Kosovo
33%
Kuwait
33%
Kyrgyzstan
33%
Laos
33%
Latvia
33%
Lebanon
33%
Lesotho
33%
Liberia
33%
Libya
33%
Liechtenstein
33%
Lithuania
33%
Luxembourg
33%
Madagascar
33%
Malawi
33%
Malaysia
33%
Maldives
33%
Mali
33%
Malta
33%
Mauritius
33%
Moldova
33%
Mongolia
33%
Montenegro
33%
Morocco
33%
Mozambique
33%
Myanmar
33%
Namibia
33%
Nepal
33%
Netherlands
33%
New Zealand
33%
Nicaragua
33%
Niger
33%
Nigeria
33%
North Korea
33%
North Macedonia
33%
Norway
33%
Oman
33%
Pakistan
33%
Panama
33%
Papua New Guinea
33%
Paraguay
33%
Peru
33%
Philippines
33%
Poland
33%
Portugal
33%
Qatar
33%
Republic of the Congo
33%
Romania
33%
Russia
33%
Rwanda
33%
San Marino
33%
Sao Tome and Principe
33%
Saudi Arabia
33%
Senegal
33%
Serbia
33%
Seychelles
33%
Sierra Leone
33%
Singapore
33%
Slovakia
33%
Slovenia
33%
Somalia
33%
South Africa
33%
South Korea
33%
South Sudan
33%
Spain
33%
Sri Lanka
33%
Sudan
33%
Suriname
33%
Sweden
33%
Switzerland
33%
Syria
33%
Taiwan
33%
Tajikistan
33%
Tanzania
33%
Thailand
33%
Togo
33%
Tunisia
33%
Turkey
33%
Turkmenistan
33%
Tuvalu
33%
Uganda
33%
Ukraine
33%
United Arab Emirates
33%
United Kingdom
33%
Vanuatu
33%
Venezuela
33%
Vietnam
33%
Yemen
33%
Zambia
33%
Zimbabwe
33%
Antigua and Barbuda
0%
Barbados
0%
Dominica
0%
Grenada
0%
Iraq
0%
Marshall Islands
0%
Mauritania
0%
Monaco
0%
Nauru
0%
Palau
0%
Saint Kitts and Nevis
0%
Saint Lucia
0%
Saint Vincent and the Grenadines
0%
Samoa
0%
Solomon Islands
0%
Tonga
0%
Trinidad and Tobago
0%
Vatican
0%
No matching quizzes found
Score Distribution
Percent of People with Each Score
Percentile by Number Answered
Your Score History
You have not taken this quiz